000 00418nam a2200181Ia 4500
001 18530
005 20260306171637.0
008 260306s9999||||xx |||||||||||||| ||und||
041 _aESP
082 _a658.4063
_bP48
100 _aPeters, Tom
_eAUT
245 0 _aGestionar con imaginación
260 _c2005
300 _a168 pƔginas :
_c23 cm.
650 _aGEN
654 _aCAN
942 _cLIB
_dJUS
_fJUS
_2ddc
_n
999 _c18530
_d18530